Statistiques concernant Trouve les paroles - Aimer est plus fort que d'être aimé

Cliquez ici pour prendre le quiz!

Statistiques générales

  • Ce quiz a été pris 152 fois
  • Le résultat moyen est 155 sur 192

Statistiques - réponses

Réponse% Correct
à
91%
a
91%
aimé
88%
Aimer
88%
Toi
88%
Que
87%
que
87%
ce
85%
de
85%
De
85%
fort
85%
le
85%
plus
85%
qui
85%
tout
85%
un
85%
d'être
84%
est
84%
Et
84%
il
84%
Il
84%
la
84%
les
84%
Tous
84%
des
82%
sais
82%
Sais
82%
Te
82%
te
82%
Tu
82%
tu
82%
dans
81%
Ils
81%
L'amour
81%
pas
81%
qu'est
81%
se
81%
sont
81%
sous
81%
Mais
79%
mais
79%
ne
79%
Ne
79%
n'y
79%
ou
79%
Ou
79%
pour
79%
regards
79%
rempart
79%
Si
79%
blasphème
78%
ceux
78%
courroucés
78%
faut
78%
faux
78%
leur
78%
On
78%
savoir
78%
sur
78%
tes
78%
vérité
78%
vrais
78%
avances
76%
brisé
76%
buvard
76%
écris
76%
efforts
76%
glace
76%
inversés
76%
menace
76%
mots
76%
peut
76%
qu'on
76%
récolte
76%
remplace
76%
rien
76%
secrets
76%
sème
76%
toujours
76%
voir
76%
arranger
75%
as
75%
brise-glace
75%
deux
75%
dévore
75%
face
75%
faudrait
75%
haine
75%
lancent
75%
miroir
75%
porte
75%
qu'il
75%
rocher
75%
voudraient
75%
voudrons
75%
fondre
73%
l'ambition
73%
masse
73%
races
73%
suprême
73%
connais
72%
délie
72%
parles
72%
t'étouffer
72%
vouent
72%
couler
70%

Distribution des résultats

Percentile par nombre de réponses

% des personnes avec chaque résultat

Votre développement - résultats

Vous n’avez pas pris ce quiz